000 00793nam a2200229Ii 4500
003 JO-AjNU
008 230605s9999||||xx |||||||||||||| ||und||
017 _a2015/3/941
020 _a978-9957-49-184-0
040 _aJO-AjNU
_bara
_erda
_cJO-AjNU
041 _aara
050 1 4 _aDS154.9.G4252.2015
100 3 _aالغرايبة، خليف مصطفى,
_eauthor
_962263
245 0 0 _aجرش في عيون الجغرافيين والرحالة العرب والاجانب: دراسة في التراث الجغلرافي
250 _aط1
264 3 1 _aعمان: وزارة الثقافة، 2015
300 _a215ص
336 _atext
_btxt
_2rdacontent
337 _aunmediated
_bn
_2rdamedia
338 _avolume
_bnc
_2rdacarrier
650 4 _aجرش - تاريخ- الاردن
_962264
999 _aA28186
_c31754
_d31754